Ready, set, race! / (Record no. 5337)

MARC details
000 -LEADER
fixed length control field 01496nam a22003017a 4500
001 - CONTROL NUMBER
control field 5337
003 - CONTROL NUMBER IDENTIFIER
control field FISKH
005 - DATE AND TIME OF LATEST TRANSACTION
control field 20241127100422.0
008 - FIXED-LENGTH DATA ELEMENTS--GENERAL INFORMATION
fixed length control field 241127b cb ||||| |||| 00| 0 eng d
020 ## - INTERNATIONAL STANDARD BOOK NUMBER
International Standard Book Number 9781612360331
040 ## - CATALOGING SOURCE
Original cataloging agency FISKH
Language of cataloging eng
Transcribing agency FISKH
Modifying agency FISKH
050 ## - LIBRARY OF CONGRESS CALL NUMBER
Classification number PZ7.S845
082 ## - DEWEY DECIMAL CLASSIFICATION NUMBER
Classification number 813.6
100 ## - MAIN ENTRY--PERSONAL NAME
Personal name Steinkraus, Kyla
245 ## - TITLE STATEMENT
Title Ready, set, race! /
Statement of responsibility, etc. By Kyla Steinkraus Illustrated by Bob Reese
250 ## - EDITION STATEMENT
Edition statement Published in 2012
260 ## - PUBLICATION, DISTRIBUTION, ETC.
Place of publication, distribution, etc. Florida :
Name of publisher, distributor, etc. Blue reading,
Date of publication, distribution, etc. 2012.
300 ## - PHYSICAL DESCRIPTION
Extent 16 pages :
Other physical details Color illustrations ;
Dimensions 21 cm
505 ## - FORMATTED CONTENTS NOTE
Formatted contents note G<br/>
520 ## - SUMMARY, ETC.
Summary, etc. Ready, Set, Race! encourages young learners to build reading comprehension skills with grade-appropriate vocabulary, extension activities, and an engaging story. Featuring reading activities and a Comprehension & Extension section, this 24-page title introduces transitioning readers to teacher-focused concepts that will help them gain important reading comprehension and learning skills. The vibrant illustrations and engaging leveled text in the Little Birdie Books' Leveled Readers work together to tell fun stories while supporting early readers. Featuring grade-appropriate vocabulary and activities, these books help children develop essential skills for reading proficiency.
521 8# - TARGET AUDIENCE NOTE
Target audience note 420L<br/>
Source Lexile<br/>
521 8# - TARGET AUDIENCE NOTE
Target audience note G<br/>
Source Raz-Plus<br/>
650 ## - SUBJECT ADDED ENTRY--TOPICAL TERM
Source of heading or term Fiction
Topical term or geographic name entry element Grade 2
650 ## - SUBJECT ADDED ENTRY--TOPICAL TERM
Source of heading or term Interstate round 1
Topical term or geographic name entry element Picture book
700 ## - ADDED ENTRY--PERSONAL NAME
Personal name Reese, Bob
Dates associated with a name Illustrator
942 ## - ADDED ENTRY ELEMENTS (KOHA)
Source of classification or shelving scheme Dewey Decimal Classification
Koha item type Books
Suppress in OPAC No
Holdings
Withdrawn status Lost status Source of classification or shelving scheme Damaged status Not for loan Collection Home library Current library Shelving location Date acquired Total Checkouts Full call number Barcode Date last seen Copy number Price effective from Koha item type
    Dewey Decimal Classification     Juvenile Fiction Footprints International School Library Network Toul Kork Campus Footprints International School Library Network Toul Kork Campus TK Primary Library Room(4th Floor), Bookcase 1&2, Shelves 1-16, Dark Blue Books 11/27/2024   STE 813.6 PZ7.S845 FISTK02382 11/27/2024 1 11/27/2024 Books
    Dewey Decimal Classification     Juvenile Fiction Footprints International School Library Network Toul Tom Poung Campus Footprints International School Library Network Toul Tom Poung Campus TTP Primary Dark Blue Bookshelves 09/11/2025   STE 813.6 PZ7.S845 FIS03282 09/11/2025 2 09/11/2025 Books